| 000 | 00423nam a2200181 i 4500 | ||
|---|---|---|---|
| 001 | bg | ||
| 100 | 1 | _aBOSAKIRSKI, Mikołaj | |
| 245 | 0 |
_aOgrodzenia / _cM. Bosakirski, J.M. Łobocki. |
|
| 260 |
_aWarszawa, _c1984. |
||
| 490 | 1 | _aZrób To Sam | |
| 700 | 1 | _aŁOBOCKI, Jan M. | |
| 830 | _aZrób To Sam | ||
| 040 | _cBPK | ||
| 041 | _apol | ||
| 080 | _a692.2 | ||
| 942 | _cKS | ||
| 008 | s pl f |000 0 pol | ||
| 999 |
_c2336 _d2336 |
||
| 856 |
_uhttp://koha.tu.koszalin.pl/cgi-bin/koha/opac-detail.pl?biblionumber=2336 _yKatalog online BPK |
||